000 00969nam a2200217 a 4500
001 000016727
005 20200929164943.0
008 100310s1971 dr r 000 0 spa d
040 _aDO-SdBNP
_bspa
_cBNPHU
082 _a366.17293
_bC758s
245 0 0 _aConstitución del supremo consejo del gr. 33 y último del rito escocés antiguo y aceptado :
_bde la Franc-Masonería para la República Dominicana y sus cuerpos subordinados.
246 1 4 _aConstitución y estatutos generales :
_bsupremo consejo del grado 33 juridicción masónica para la República Dominicana
260 _aSanto Domingo :
_bArte y Cine,
_c1971.
300 _a120 p. ;
_c25 cm.
590 _aInventariado, 2018/BT
650 4 _aMasonería
_xLegislación
_zRepública Dominicana
_937069
650 4 _aEstatutos de sociedades
_932163
650 4 _aSociedades secretas
_xHistoria
_937070
650 4 _aSociedades secretas
_zRepública Dominicana
_937071
910 _aValidado. Control de calidad. EMS
999 _c16259
_d16259